Estudio de prefactibilidad para el sistema de abastecimiento de agua potable de Quepos y Manuel Antonio

Salvato in:
Dettagli Bibliografici
Autore principale: Rojas López, Freddy E.
Natura: Libro
Pubblicazione: [San José , Costa Rica] 1995
Soggetti:
Tags: Aggiungi Tag
Nessun Tag, puoi essere il primo ad aggiungerne!!

MARC

LEADER 00000nam a2200000Ia 4500
003 007751
005 20221231144253.0
008 140114s1995 cr a m 000 ||s d
040 |c cru CEDI 
090 |a TFG 3333 
100 |a Rojas López, Freddy E.  |9 10660 
245 |a Estudio de prefactibilidad para el sistema de abastecimiento de agua potable de Quepos y Manuel Antonio 
260 |c 1995  |a  [San José , Costa Rica] 
300 |a  [151] hojas : ilustraciones (algunas plegables)  
500 |a  Proyecto de graduación (licenciatura en ingeniería civil)--Universidad de Costa Rica. Facultad de Ingeniería. Escuela de Ingeniería Civil 
650 |x SUMINISTRO DE AGUA - MANUEL ANTONIO (AGUIRRE, PUNTARENAS, COSTA RICA)   |x SUMINISTRO DE AGUA - QUEPOS (AGUIRRE, PUNTARENAS, COSTA RICA)  |9 10661 
942 |c TFG  |2 ddc 
999 |c 19362  |d 19362